Statistics for Countries of the World - Seven Minute Run

Click here to take the quiz!

General Stats

  • This quiz has been taken 29,902 times
  • The average score is 147 of 196

Answers on the Map

Answers color-coded by a green-red scale on the quiz's map according to % correct below.
 

Answer Stats

country% Correct
United States
97%
Canada
96%
Mexico
95%
Brazil
94%
Russia
94%
United Kingdom
94%
China
93%
France
93%
India
92%
Argentina
91%
Australia
91%
Chile
91%
Germany
91%
Italy
91%
Spain
91%
Japan
90%
Finland
89%
Iceland
89%
Ireland
89%
Portugal
89%
Sweden
89%
Denmark
88%
Egypt
88%
Norway
88%
Peru
87%
Turkey
87%
Colombia
86%
Cuba
86%
Iran
86%
Poland
86%
Ukraine
86%
Greece
85%
Iraq
85%
Mongolia
84%
Pakistan
84%
South Africa
84%
South Korea
84%
Austria
83%
Bolivia
83%
Indonesia
83%
North Korea
83%
Saudi Arabia
83%
Uruguay
83%
Venezuela
83%
Belgium
82%
Morocco
82%
New Zealand
82%
Panama
82%
Paraguay
82%
Algeria
81%
Ecuador
81%
Madagascar
81%
Niger
81%
Oman
81%
Yemen
81%
Afghanistan
80%
Estonia
80%
Haiti
80%
Kazakhstan
80%
Netherlands
80%
Thailand
80%
Vietnam
80%
Belarus
79%
Latvia
79%
Nepal
79%
Romania
79%
Sudan
79%
Switzerland
79%
United Arab Emirates
79%
Chad
78%
Democratic Republic
of the Congo
78%
Dominican Republic
78%
Honduras
78%
Libya
78%
Nigeria
78%
Albania
77%
Bahamas
77%
Costa Rica
77%
Guatemala
77%
Hungary
77%
Israel
77%
Jamaica
77%
Laos
77%
Lithuania
77%
Philippines
77%
Syria
77%
Bulgaria
76%
Cambodia
76%
Croatia
76%
Dominica
76%
Guyana
76%
Jordan
76%
Malaysia
76%
Belize
75%
Congo
75%
Czechia
75%
Mali
75%
Myanmar
75%
Nicaragua
75%
Slovakia
75%
Somalia
75%
Suriname
75%
Bangladesh
74%
Bhutan
74%
El Salvador
74%
Ethiopia
74%
Kenya
74%
Qatar
74%
Serbia
74%
Slovenia
74%
South Sudan
74%
Sri Lanka
74%
Tunisia
74%
Andorra
73%
Armenia
73%
Bosnia and
Herzegovina
73%
Papua New Guinea
73%
Angola
72%
Fiji
72%
Georgia
72%
Ghana
72%
Taiwan
72%
Uzbekistan
72%
Azerbaijan
71%
Cyprus
71%
Malta
71%
Moldova
71%
Vatican City
71%
Barbados
70%
Guinea
70%
Lebanon
70%
Luxembourg
70%
Turkmenistan
70%
Kosovo
69%
Kuwait
69%
Monaco
69%
North Macedonia
69%
Togo
69%
Zambia
69%
Zimbabwe
69%
Benin
68%
Botswana
68%
Central African Republic
68%
Namibia
68%
Tajikistan
68%
Uganda
68%
Bahrain
67%
Cameroon
67%
Eritrea
67%
Montenegro
67%
Senegal
67%
Tanzania
67%
Antigua and Barbuda
66%
Kyrgyzstan
66%
Lesotho
66%
Liberia
66%
Liechtenstein
66%
Maldives
66%
Mauritania
66%
Mozambique
66%
Saint Kitts and Nevis
66%
Saint Lucia
66%
San Marino
66%
Singapore
66%
Malawi
65%
Rwanda
65%
Tonga
65%
Trinidad and Tobago
65%
Brunei
64%
Gabon
64%
Gambia
64%
Kiribati
64%
Saint Vincent and the
Grenadines
64%
Samoa
64%
Cabo Verde
63%
Côte d'Ivoire
63%
Grenada
63%
Mauritius
63%
Micronesia
63%
Comoros
62%
Djibouti
62%
Eswatini
62%
Guinea-Bissau
62%
Nauru
62%
Palau
62%
Seychelles
62%
Tuvalu
62%
Vanuatu
62%
Burkina Faso
61%
Burundi
61%
Solomon Islands
61%
Marshall Islands
60%
Timor-Leste
60%
São Tomé and Príncipe
59%
Sierra Leone
59%
Equatorial Guinea
58%

Score Distribution

Percentile by Number Answered

Percent of People with Each Score

Your Score History

You have not taken this quiz